| 000 | 00462nam a2200181Ia 4500 | ||
|---|---|---|---|
| 001 | 25436 | ||
| 005 | 20260414151150.0 | ||
| 008 | 260414t2012||||xx |||||||||||||| ||spa|| | ||
| 041 | _aESP | ||
| 082 |
_a346.5 _bS17 |
||
| 100 |
_aSalerno, Marcelo Urbano _eAUT |
||
| 245 | 0 |
_aEl patrimonio del deudor y los derechos del acreedor _b |
|
| 260 | _c2012 | ||
| 300 |
_axxiii, 318 páginas : _c23 cm. |
||
| 650 | _aDER | ||
| 654 | _aCDE | ||
| 942 |
_cLIB _dJUS _fJUS _2ddc _n |
||
| 999 |
_c25436 _d25436 |
||